Auction bridge complete (Record no. 5919)

MARC details
000 -CABECERA
campo de control de longitud fija 00615nam a2200205 a 4500
001 - NÚMERO DE CONTROL
campo de control BRCA_6232
005 - FECHA Y HORA DE LA ÚLTIMA TRANSACCIÓN
campo de control 20190320205359.0
008 - DATOS DE LONGITUD FIJA--INFORMACIÓN GENERAL
campo de control de longitud fija 180811s1926----enk#######---#000-0#eng-#
050 #4 - SIGNATURA TOPOGRÁFICA DE LA BIBLIOTECA DEL CONGRESO
Número de clasificación GV1282
Número de documento/Ítem .W67 1926
245 10 - MENCIÓN DE TÍTULO
Título Auction bridge complete
Mención de responsabilidad, etc. Milton C. Work.
260 ## - PUBLICACIÓN, DISTRIBUCIÓN, ETC.
Lugar de publicación, distribución, etc. Londres
Nombre del editor, distribuidor, etc. Thomas de la Rue & Co.
Fecha de publicación, distribución, etc. [1926?]
300 ## - DESCRIPCIÓN FÍSICA
Extensión 516 p.
Dimensiones 19 cm
500 ## - NOTA GENERAL
Nota general Estado físico: Encuadernación deteriorada
500 ## - NOTA GENERAL
Nota general I69
650 14 - PUNTO DE ACCESO ADICIONAL DE MATERIA--TÉRMINO DE MATERIA
Término de materia o nombre geográfico como elemento de entrada Bridge (juego)
Subdivisión general Leyes
Subdivisión cronológica 1926
Subdivisión geográfica Londres
9 (RLIN) 15654
650 14 - PUNTO DE ACCESO ADICIONAL DE MATERIA--TÉRMINO DE MATERIA
Término de materia o nombre geográfico como elemento de entrada Apuestas
Subdivisión general Juego de cartas (Bridge)
9 (RLIN) 15655
700 1# - PUNTO DE ACCESO ADICIONAL--NOMBRE DE PERSONA
Nombre de persona Work, Milton C.
9 (RLIN) 15656
902 ## - CATALOGADOR
Iniciales GFM
942 ## - ELEMENTOS DE PUNTO DE ACCESO ADICIONAL (KOHA)
Fuente del sistema de clasificación o colocación Library of Congress Classification
Tipo de ítem Koha Libros
Holdings
Estado de retiro Estado de pérdida Estado dañado No para préstamo Localización permanente Ubicación/localización actual Fecha de adquisición Número de inventario Total de préstamos Signatura topográfica completa Código de barras Fecha visto por última vez Precio válido a partir de Tipo de ítem Koha
El ejemplar forma parte de la colección y puede ser consultado según las políticas vigentes.       Biblioteca del Museo Franz Mayer (Rogerio Casas-Alatriste) Biblioteca del Museo Franz Mayer (Rogerio Casas-Alatriste) 19/07/2011 I69   GV1282 .W67 1926 (I69) 6671 22/03/2019 22/03/2019 Libros